MATHEMATICAL AGRICULTURE :CONCEPTS AND NUMERICALS (Record no. 8053)

MARC details
000 -LEADER
fixed length control field 00453nam a22001697a 4500
005 - DATE AND TIME OF LATEST TRANSACTION
control field 20230109095536.0
008 - FIXED-LENGTH DATA ELEMENTS--GENERAL INFORMATION
fixed length control field 221216b |||||||| |||| 00| 0 eng d
020 ## - INTERNATIONAL STANDARD BOOK NUMBER
ISBN 978-93-272-4085-6
041 ## - LANGUAGE CODE
Language code of text/sound track or separate title eng
082 ## - DEWEY DECIMAL CLASSIFICATION NUMBER
Classification number 510.630-BHA-M
100 ## - MAIN ENTRY--AUTHOR NAME
Personal name BHATNAGAR ,AMIT
245 ## - TITLE STATEMENT
Title MATHEMATICAL AGRICULTURE :CONCEPTS AND NUMERICALS
260 ## - PUBLICATION, DISTRIBUTION, ETC. (IMPRINT)
Place of publication LUDHIANA
Name of publisher KALYANI PUBLISHERS
Year of publication 2021
300 ## - PHYSICAL DESCRIPTION
Number of Pages 234;P.
650 ## - SUBJECT ADDED ENTRY--TOPICAL TERM
Topical Term AGRICULTURE
942 ## - ADDED ENTRY ELEMENTS (KOHA)
Koha item type Books
Holdings
Lost status Damaged status Collection code Home library Current library Shelving location Date acquired Source of acquisition Cost, normal purchase price Full call number Accession Number Koha item type
    Reference JRU Library JRU Library SHELF-2-D 18/10/2022 LOHIA BOOK INTERNATIONAL 225.00 510.630-BHA-M 26893 Books
    AGRICULTURE JRU Library JRU Library SHELF-45-H 18/10/2022 LOHIA BOOK INTERNATIONAL 225.00 510.630-BHA-M 26894 Books
    AGRICULTURE JRU Library JRU Library SHELF-45-H 18/10/2022 LOHIA BOOK INTERNATIONAL 225.00 510.630-BHA-M 26895 Books
    AGRICULTURE JRU Library JRU Library SHELF-45-H 18/10/2022 LOHIA BOOK INTERNATIONAL 225.00 510.630-BHA-M 26896 Books
    AGRICULTURE JRU Library JRU Library SHELF-45-H 18/10/2022 LOHIA BOOK INTERNATIONAL 225.00 510.630-BHA-M 26897 Books